NLSUI OPAC header image

The law and governance of water resources : The challenge of sustainability (Record no. 31589)

MARC details
000 -LEADER
fixed length control field 00494nam a2200157Ia 4500
008 - FIXED-LENGTH DATA ELEMENTS--GENERAL INFORMATION
fixed length control field 160316s2009 xxu||||| |||| 00| 0 eng d
082 ## - DEWEY DECIMAL CLASSIFICATION NUMBER
Classification number 333.911600
Item number FIS
100 ## - MAIN ENTRY--PERSONAL NAME
Personal name Fisher Douglas
245 ## - TITLE STATEMENT
Title The law and governance of water resources : The challenge of sustainability
250 ## - EDITION STATEMENT
Edition statement
260 ## - PUBLICATION, DISTRIBUTION, ETC.
Place of publication, distribution, etc. London
Name of publisher, distributor, etc. Edward Elgar
Date of publication, distribution, etc. 2009
300 ## - PHYSICAL DESCRIPTION
Extent 385p
Other physical details
Dimensions xiii
365 ## - TRADE PRICE
Price amount Rs. 9,137
650 ## - SUBJECT ADDED ENTRY--TOPICAL TERM
Topical term or geographic name entry element 1. Water Resources Development - Law & Legislation<br/>2. Sustainable Development
700 ## - ADDED ENTRY--PERSONAL NAME
Personal name
--
Holdings
Withdrawn status Lost status Damaged status Not for loan Home library Current library Shelving location Date acquired Cost, normal purchase price Total Checkouts Full call number Barcode Date last seen Price effective from Koha item type
        . .   30.05.2017 9137.00   333.9116 FIS 28799 30.05.2017 30.05.2017 BOOKs